Sporcle's Easiest Literature Quiz Stats

 Plays Quiz Updated Dec 27, 2015

Challenge
Share
Tweet
Embed
Score 0/30 Timer 05:00
4 Plays Today
Hint Answer % Correct
Shakespeare playsRomeo and Juliet
91.7%
Harry Potter surnamesWeasley
89.3%
Pooh and friendsWinnie-the-Pooh
86.8%
Shakespeare playsHamlet
83.9%
Harry Potter surnamesGranger
82.8%
Pooh and friendsTigger
82%
Members of the Fellowship of the RingFrodo Baggins
80.7%
Harry Potter surnamesDumbledore
80%
Pooh and friendsPiglet
78.7%
Shakespeare playsMacbeth
73.3%
Members of the Fellowship of the RingGandalf
72%
Members of the Fellowship of the RingSamwise Gamgee
68.1%
Harry Potter surnamesSnape
66.3%
Charles Dickens novelsOliver Twist
62.3%
Shakespeare playsOthello
61.7%
Hint Answer % Correct
Pooh and friendsRoo
60%
Charles Dickens novelsA Tale of Two Cities
59.8%
Members of the Fellowship of the RingLegolas
59.1%
Charles Dickens novelsA Christmas Carol
57.7%
Harry Potter surnamesMalfoy
57%
Members of the Fellowship of the RingAragorn
54.9%
Pooh and friendsRabbit
53.4%
Charles Dickens novelsGreat Expectations
52.4%
A Game of Thrones: Most mentioned charactersJon Snow
49.5%
Shakespeare playsA Midsummer Night's Dream
47.7%
A Game of Thrones: Most mentioned charactersArya Stark
39%
A Game of Thrones: Most mentioned charactersTyrion Lannister
38.4%
A Game of Thrones: Most mentioned charactersEddard Stark
37%
Charles Dickens novelsDavid Copperfield
35.5%
A Game of Thrones: Most mentioned charactersSansa Stark
33.4%

You're not logged in!

Compare scores with friends on all Sporcle quizzes.
OR
Log In

You Might Also Like...

Show Comments

Extras

Top Quizzes Today


Score Distribution

Your Account Isn't Verified!

In order to create a playlist on Sporcle, you need to verify the email address you used during registration. Go to your Sporcle Settings to finish the process.

Report this User

Report this user for behavior that violates our Community Guidelines.

Details: